Jak se prosadit v zaměstnání

Salvato in:
Dettagli Bibliografici
Autore principale: Israel, Richard
Altri autori: Whitten, Helen, Shaffran, Cliff, Strnad, Zdeněk, Jungmann, Vilém
Natura: Libro
Lingua:ceco
Pubblicazione: Praha Computer Press 2001
Serie:Rozvoj osobnosti
Soggetti:
Tags: Aggiungi Tag
Nessun Tag, puoi essere il primo ad aggiungerne!!

MARC

LEADER 00000nam$a2200000$$$4500
001 0019780
005 20221129101021.0
020 |a 80-7226-511-3 
041 0 |a cze 
044 |a CZ 
245 1 0 |a Jak se prosadit v zaměstnání  |c Richard Israel, Helen Whitten, Cliff Shaffran ; překlad: Zdeněk Strnad, Vilém Jungmann 
264 1 |a Praha  |b Computer Press  |c 2001 
300 |a 200 s. 
490 1 |a Rozvoj osobnosti 
830 0 |a Rozvoj osobnosti 
610 2 0 |a sebapoznanie 
610 2 0 |a sebarealizácia 
610 2 0 |a úspech pracovný 
610 2 0 |a zaradenie pracovné 
610 2 0 |a komunikácia 
610 2 0 |a inteligencia emocionálna 
610 2 0 |a správanie 
610 2 0 |a osobnosť 
610 2 0 |a vzťah k práci 
610 2 0 |a vzťahy pracovné 
100 1 |a Israel, Richard 
700 1 |a Whitten, Helen 
700 1 |a Shaffran, Cliff 
700 1 |a Strnad, Zdeněk 
700 1 |a Jungmann, Vilém